header

The effects of climate change on agriculture, land resources, water resources, and biodiversity in the United States (Record no. 176000)

MARC details
000 -LEADER
fixed length control field 01666nam a2200385 a 4500
082 04 - DEWEY DECIMAL CLASSIFICATION NUMBER
Classification number 551.6973
245 04 - TITLE STATEMENT
Title The effects of climate change on agriculture, land resources, water resources, and biodiversity in the United States
260 ## - PUBLICATION, DISTRIBUTION, ETC. (IMPRINT)
Place of publication New York :
Name of publisher Nova Science Publishers,
Year of publication 2009.
300 ## - PHYSICAL DESCRIPTION
Number of Pages viii, 256 p. :
Other physical details ill. (some col.), maps (some col.)
650 #0 - SUBJECT ADDED ENTRY--TOPICAL TERM
Topical Term Climatic changes
Topical Term Agriculture
Topical Term Biodiversity
Topical Term Biotic communities
700 1# - ADDED ENTRY--PERSONAL NAME
Personal name Backlund, Peter.
Personal name Janetos, Anthony C.
Personal name Schimel, David Steven.
856 40 - ELECTRONIC LOCATION AND ACCESS
Uniform Resource Identifier http://site.ebrary.com/lib/rucke/Doc?id=10670982

No items available.

© 2026 Rongo University
Contact us: librarian | system librarian | Rongo university